| 000 | 00469nam a22001577a 4500 | ||
|---|---|---|---|
| 008 | 160707b xxu||||| |||| 00| 0 eng d | ||
| 020 | _a981-265-675-8 | ||
| 082 | _aDC 363.24 R93 2006 | ||
| 100 |
_910989 _aRutledge, Devallis. |
||
| 245 |
_aThe new police report manual/ _cDevallis Rutledge. |
||
| 250 | _a2nd edition. | ||
| 260 |
_aSingapore : _bThomson/Wadsworth, _cc2006. |
||
| 300 |
_a172 pages ; _c22 cm. |
||
| 650 | 0 |
_910990 _aPolice reports. |
|
| 942 |
_2ddc _cDC |
||
| 999 |
_c3294 _d3294 |
||